Historia y juicio critico de la Escuela poética sevillana en los siglos XVIII y XIX (Record no. 157180)

MARC details
000 -LEADER
campo de control de longitud fija 00799nam a22001935i 4500
001 - NÚMERO DE CONTROL
campo de control 157180
003 - IDENTIFICADOR DE NÚMERO DE CONTROL
campo de control ES-MaACL
005 - FECHA Y HORA DE LA ÚLTIMA TRANSACCIÓN
campo de control 20250930063135.0
008 - DATOS DE LONGITUD FIJA--INFORMACIÓN GENERAL
campo de control de longitud fija 940301s1876 sp |||| | spa d
040 ## - FUENTE DE CATALOGACIÓN
Centro catalogador/agencia de origen AS
Lengua de catalogación spa
100 1# - ENTRADA PRINCIPAL--NOMBRE DE PERSONA
Nombre de persona Lasso de la Vega, Ángel,
Fechas asociadas al nombre 1831-1899
9 (RLIN) 128726
245 10 - MENCIÓN DEL TÍTULO
Título Historia y juicio critico de la Escuela poética sevillana en los siglos XVIII y XIX
Resto del título : memoria escrita /
Mención de responsabilidad, etc. por Angel Lasso de la Vega y Argüelles.
260 ## - PUBLICACIÓN, DISTRIBUCIÓN, ETC.
Lugar de publicación, distribución, etc. Madrid :
Nombre del editor, distribuidor, etc. [s.n.],
Fecha de publicación, distribución, etc. 1876 (
Fabricante Imprenta y fundición de Manuel Tello)
300 ## - DESCRIPCIÓN FÍSICA
Extensión 288 p. ;
Dimensiones 25 cm.
500 ## - NOTA GENERAL
Nota general Obra premiada por la Real Academia Sevillana de Buenas Letras...
650 #4 - PUNTO DE ACCESO ADICIONAL DE MATERIA--TÉRMINO DE MATERIA
Término de materia o nombre geográfico como elemento de entrada Poesía española-
Subdivisión geográfica Andalucía-
Subdivisión general Historia y crítica.
9 (RLIN) 151205
852 ## - LOCALIZACIÓN
Ubicación ES-MaACL
Número de control de estantería G-8084(2)
Nota libre -- Enc. hol.
Holdings
Estatus retirado Estado de pérdida Estado de daño No para préstamo Colección Biblioteca de origen Biblioteca actual Ubicación en estantería Fecha de adquisición Fuente de adquisición Total de préstamos Signatura topográfica completa Código de barras Visto por última vez Precio de reemplazo Tipo de ítem Koha
        Libros del s. XIX Biblioteca del Ateneo de Madrid Biblioteca del Ateneo de Madrid Sala Pecera Planta 3 17/01/2008     G-8084(2) 1164457 23/02/2023 23/02/2023 Libro impreso antiguo